000 01554cam a22004217a 4500
003 CHAP
005 20220329141843.0
008 980309d1997 mx ab r 00110 spa d
010 _a74839
011 _a75811
035 _a85381
040 _cCHAP
090 _aTesis
100 0 0 _aCastañeda González, Elba Lidia.
_919910
245 1 0 _aEspecies de trips (Thysanoptera : Thripidae) y otros insectos plaga presentes en fresa en Villa Guerrero, Estado de México
_c/por Elba Lidia Castañeda González
260 _aChapingo, Méx. :
_bEl autor,
_c1997.
300 _a58 h. :
_bilus. ; mapa
502 _aTesis (Ing. Agr. Esp. en Parasitología Agrícola) -- UACH. Departamento de Parasitología Agrícola
590 _aALEPH
_b10
_c20130110
_lUCH01
_h1421
590 _aBATCH-UPD
_b10
_c20130110
_lUCH01
_h0026
590 _aBATCH-UPD
_b10
_c20130110
_lUCH01
_h0411
590 _aBATCH-UPD
_b10
_c20130110
_lUCH01
_h2046
590 _aBATCH-UPD
_b10
_c20130409
_lUCH01
_h2008
590 _aBATCH-UPD
_b10
_c20130410
_lUCH01
_h0556
590 _aBATCH-UPD
_b10
_c20130914
_lUCH01
_h0856
590 _aCONVERSION
_b10
_c20130109
_lUCH01
_h1341
650 1 4 _aFresa
_xMéxico (Edo.)
_943224
650 1 4 _aFresa
_xPlagas.
_943226
650 1 4 _aPhyllophaga.
_987881
650 1 4 _aSpodoptera.
_9109253
650 1 4 _aTisanópteros.
_9113414
650 2 4 _aFrankliniella.
_943042
901 _aBK
905 _aGuadalupe Pinto C.
942 _cFOLL
949 _bBC
_cTES
_d33724000629101
_eTS2
_fc.2
_h32009
_i85381
_sb
949 _bBC
_cTES
_d853811
_eTS1
_h32008
_i85381
_sb
999 _c74839
_d74839